书目信息 |
| 题名: |
一生中不可不读的经典名著
|
|
| 作者: | 王怀中 主编 | |
| 分册: | ||
| 出版信息: | 延吉 延边人民出版社 2005.05 |
|
| 页数: | 150页 | |
| 开本: | 25.8cm | |
| 丛书名: | 智慧人生系列丛书 | |
| 单 册: | ||
| 中图分类: | I14 | |
| 科图分类: | ||
| 主题词: | 故事--gu shi--作品集--世界 | |
| 电子资源: | ||
| ISBN: | 7-80698-504-2 | |
| 000 | 00846nam 2200241 450 | |
| 001 | 010263612296 | |
| 005 | 20081229101430.07 | |
| 010 | @a7-80698-504-2@dCNY25.80 | |
| 100 | @a20051015d2005 km y0chiy0120 ea | |
| 101 | 0 | @achi |
| 102 | @aCN@b220000 | |
| 105 | @ay z 000fy | |
| 200 | 1 | @a一生中不可不读的经典名著@Ayi sheng zhong bu ke bu du de jing dian ming zhu@f王怀中主编@Fwang huai zhong zhu bian |
| 210 | @a延吉@c延边人民出版社@d2005.05 | |
| 215 | @a150页@d25.8cm | |
| 225 | 2 | @a智慧人生系列丛书@Azhi hui ren sheng xi lie cong shu |
| 330 | @a本书为中外文学故事。面对有些人精神的荒芜,思想的消极,以及由此引发的种种困惑,编了此书。 | |
| 410 | 0 | @12001 @a智慧人生系列丛书 |
| 606 | 0 | @a故事@Agu shi@x作品集@y世界 |
| 690 | @aI14@v4 | |
| 701 | 0 | @a王怀中@Awang huai zhong@4主编 |
| 801 | 0 | @aCN@bRULIN@c20081229 |
| 905 | @aZUCC@dI14@eW219 | |
| 一生中不可不读的经典名著/王怀中主编.-延吉:延边人民出版社,2005.05 |
| 150页;25.8cm.-(智慧人生系列丛书) |
| ISBN 7-80698-504-2:CNY25.80 |
| 本书为中外文学故事。面对有些人精神的荒芜,思想的消极,以及由此引发的种种困惑,编了此书。 |
| ● |
| 相关链接 |
|
|
|
正题名:一生中不可不读的经典名著
索取号:I14/W219
 
预约/预借
| 序号 | 登录号 | 条形码 | 馆藏地/架位号 | 状态 | 备注 |